header

JDBC 4.0 and Oracle JDeveloper for J2EE development (Record no. 248964)

MARC details
000 -LEADER
fixed length control field 01284nam a2200301Ia 4500
100 1# - MAIN ENTRY--AUTHOR NAME
Personal name Vohra, Deepak,
245 10 - TITLE STATEMENT
Title JDBC 4.0 and Oracle JDeveloper for J2EE development
260 ## - PUBLICATION, DISTRIBUTION, ETC. (IMPRINT)
Place of publication Birmingham [England] :
Name of publisher Packt,
Year of publication 2008.
300 ## - PHYSICAL DESCRIPTION
Number of Pages iv, 431 p. :
Other physical details ill.
500 ## - GENERAL NOTE
General note Includes index.
650 #0 - SUBJECT ADDED ENTRY--TOPICAL TERM
Topical Term Application software
Topical Term Java (Computer program language)
856 40 - ELECTRONIC LOCATION AND ACCESS
Uniform Resource Identifier http://site.ebrary.com/lib/rucke/Doc?id=10449777

No items available.

© 2026 Rongo University
Contact us: librarian | system librarian | Rongo university